| 000 | 00971nam a2200277 i 4500 | ||
|---|---|---|---|
| 001 | 183543 | ||
| 003 | ES-MaACL | ||
| 005 | 20251014063258.0 | ||
| 008 | 140717s2012 sp | |||||||| | glg | ||
| 020 | _a978-84-15398-71-4 | ||
| 080 | _a821.134.4-14"19" | ||
| 100 | 1 |
_aPereira Valcárcel, Manuel, _d1955- _9154997 |
|
| 245 | 1 | 0 |
_aTatuaxes = _bTatuajes : [poemario bilingüe] / _cManuel Pereira Valcárcel ; prólogo de Vicente Araguas ; [traducciones, Manuel Pereira Valcárcel]. |
| 246 | 3 | _aTatuajes | |
| 250 | _a1ª ed. | ||
| 260 |
_a[Colmenar Viejo, Madrid] : _bAmargord, _c2012. |
||
| 300 |
_a174 p. ; _c21 cm. |
||
| 490 | 1 |
_aGaleuskas ; _v2 |
|
| 546 | _aTexto en gallego y traducción al español. | ||
| 700 | 1 |
_aAraguas, Vicente. _922210 |
|
| 830 | 1 |
_aGaleuskas ; _v2 _9224995 |
|
| 852 | 4 |
_aES-MaACL _jA-13153 _9190484 _bR.149907 _cDEPO1 _dOlim:N-6153 |
|
| 942 |
_2udc _cMONOGRAFIA |
||
| 999 |
_c183543 _d183543 |
||